000 00483nam a2200181Ia 4500
008 090124s9999 xx 000 0 und d
082 _b122757
100 _aमुळीक निवृत्ती
245 _a शिकार
250 _a1
260 _c1988
300 _a175
600 _aमुळीक निवृत्ती
630 _a शिकार
700 _aमुळीक निवृत्ती
730 _a शिकार
942 _cBOOK
999 _c168843
_d168843